[Event "European School Championships"]
[Site "Rhodes, Greece"]
[Date "2022.04.21"]
[Round "1.2"]
[White "Kirtadze, Anastasia"]
[Black "Barbier-Ramaiah, Riya Aude"]
[Result "1-0"]
[WhiteElo "1783"]
[BlackElo "1210"]
[PlyCount "63"]
[EventDate "2022.04.21"]
[EventRounds "9"]

1. e4 c6 {[%emt 0:00:03]} 2. d4 {[%emt 0:00:13]} d5 {[%emt 0:00:05]} 3. Nc3 {
[%emt 0:00:05]} dxe4 {[%emt 0:00:24]} 4. Nxe4 {[%emt 0:00:06]} Bf5 {[%emt 0:00:
09]} 5. Ng3 {[%emt 0:00:06]} Bg6 {[%emt 0:00:13]} 6. h4 {[%emt 0:00:31]} h6 {
[%emt 0:00:26]} 7. Nf3 {[%emt 0:00:29]} Nd7 {[%emt 0:00:28]} 8. h5 {[%emt 0:00:
30]} Bh7 {[%emt 0:00:35]} 9. Bd3 {[%emt 0:00:06]} Bxd3 {[%emt 0:00:12]} 10.
Qxd3 {[%emt 0:00:04]} Ngf6 {[%emt 0:00:41]} 11. Bf4 {[%emt 0:03:26]} e6 {
[%emt 0:01:16]} 12. O-O {[%emt 0:05:15]} Be7 {[%emt 0:00:26]} 13. Rfe1 {
[%emt 0:01:31]} O-O {[%emt 0:00:48]} 14. a3 {[%emt 0:03:52]} Qb6 {[%emt 0:04:
04]} 15. b4 {[%emt 0:01:31]} Rfd8 {[%emt 0:05:02]} 16. Qb3 {[%emt 0:02:38]} Nd5
{[%emt 0:06:08]} 17. Bd2 {[%emt 0:02:02]} Qc7 {[%emt 0:08:44]} 18. c4 {[%emt 0:
01:39]} N5f6 {[%emt 0:04:16]} 19. Rac1 {[%emt 0:05:58]} Qb6 {[%emt 0:07:35]}
20. Qc3 {[%emt 0:02:08]} Rac8 {[%emt 0:06:41]} 21. Bf4 {[%emt 0:01:22]} a6 {
[%emt 0:02:06]} 22. Ne5 {[%emt 0:03:02]} Kf8 {[%emt 0:09:08]} 23. Rcd1 {
[%emt 0:01:41]} Qa7 {[%emt 0:04:19]} 24. Qf3 {[%emt 0:01:59]} Nb6 {[%emt 0:05:
42]} 25. Ne4 {[%emt 0:00:50]} a5 {[%emt 0:03:07]} 26. Bxh6 {[%emt 0:01:06]} Kg8
{[%emt 0:03:36]} 27. Bxg7 {[%emt 0:00:30]} Kxg7 {[%emt 0:00:53]} 28. Nxf6 {
[%emt 0:00:22]} Bxf6 {[%emt 0:01:19]} 29. h6+ {[%emt 0:00:05]} Kf8 {[%emt 0:00:
52]} 30. Qxf6 {[%emt 0:00:10]} Rd7 {[%emt 0:01:22]} 31. h7 {[%emt 0:00:05]} Nd5
{[%emt 0:01:23]} 32. h8=Q# {[%emt 0:00:05]} 1-0

[Event "European School Championships"]
[Site "Rhodes, Greece"]
[Date "2022.04.21"]
[Round "1.3"]
[White "Sofieva, Alexandra"]
[Black "Mgeladze, Kesaria"]
[Result "0-1"]
[WhiteElo "1076"]
[BlackElo "1663"]
[PlyCount "84"]
[EventDate "2022.04.21"]
[EventRounds "9"]

1. e4 {[%emt 0:00:03]} c5 {[%emt 0:00:05]} 2. Nf3 {[%emt 0:00:10]} d6 {[%emt 0:
00:06]} 3. d4 {[%emt 0:00:06]} cxd4 {[%emt 0:00:05]} 4. Nxd4 {[%emt 0:00:06]}
Nf6 {[%emt 0:00:05]} 5. Nc3 {[%emt 0:00:07]} Nc6 {[%emt 0:00:05]} 6. f3 {
[%emt 0:01:08]} e5 {[%emt 0:00:25]} 7. Nde2 {[%emt 0:01:09]} Be6 {[%emt 0:01:
12]} 8. Be3 {[%emt 0:01:01]} Be7 {[%emt 0:02:07]} 9. Qd2 {[%emt 0:00:35]} d5 {
[%emt 0:03:54]} 10. exd5 {[%emt 0:01:51]} Nxd5 {[%emt 0:00:08]} 11. Nxd5 {
[%emt 0:01:06]} Qxd5 {[%emt 0:00:49]} 12. Qxd5 {[%emt 0:03:06]} Bxd5 {[%emt 0:
00:06]} 13. Nc3 {[%emt 0:01:09]} Bh4+ {[%emt 0:04:39]} 14. Kd2 {[%emt 0:07:41]}
Be6 {[%emt 0:01:38]} 15. Rd1 {[%emt 0:03:10]} O-O-O+ {[%emt 0:01:44]} 16. Kc1 {
[%emt 0:02:01]} f5 {[%emt 0:05:31]} 17. Bb5 {[%emt 0:04:34]} Nd4 {[%emt 0:09:
07]} 18. Kb1 {[%emt 0:03:52]} a6 {[%emt 0:05:05]} 19. Be2 {[%emt 0:03:11]} b5 {
[%emt 0:05:14]} 20. a3 {[%emt 0:01:51]} Rhe8 {[%emt 0:04:45]} 21. g3 {[%emt 0:
06:53]} Bf6 {[%emt 0:01:18]} 22. Rhe1 {[%emt 0:01:50]} g5 {[%emt 0:04:26]} 23.
f4 {[%emt 0:11:47]} Nxe2 {[%emt 0:08:25]} 24. Nxe2 {[%emt 0:01:17]} Rxd1+ {
[%emt 0:00:41]} 25. Rxd1 {[%emt 0:01:25]} exf4 {[%emt 0:00:11]} 26. Bd4 {
[%emt 0:08:28]} f3 {[%emt 0:04:14]} 27. Bxf6 {[%emt 0:02:16]} fxe2 {[%emt 0:00:
04]} 28. Re1 {[%emt 0:00:14]} f4 {[%emt 0:00:10]} 29. gxf4 {[%emt 0:01:56]}
gxf4 {[%emt 0:00:05]} 30. Bh4 {[%emt 0:04:01]} f3 {[%emt 0:00:54]} 31. Kc1 {
[%emt 0:01:07]} Rd8 {[%emt 0:01:16]} 32. Bg3 {[%emt 0:04:20]} Bg4 {[%emt 0:00:
17]} 33. Bf2 {[%emt 0:02:09]} Rd6 {[%emt 0:00:23]} 34. Rh1 {[%emt 0:02:31]} Kd7
{[%emt 0:00:51]} 35. h4 {[%emt 0:02:10]} h5 {[%emt 0:00:39]} 36. Re1 {[%emt 0:
03:11]} Bf5 {[%emt 0:00:51]} 37. Rg1 {[%emt 0:03:29]} Rc6 {[%emt 0:00:33]} 38.
c3 {[%emt 0:01:02]} Rd6 {[%emt 0:00:11]} 39. Re1 {[%emt 0:00:50]} Kc6 {[%emt 0:
00:24]} 40. Rg1 {[%emt 0:01:08]} Be6 {[%emt 0:01:31]} 41. Re1 {[%emt 0:00:32]}
Bb3 {[%emt 0:00:10]} 42. Bd4 {[%emt 0:00:59]} f2 {[%emt 0:00:08]} 0-1

[Event "European School Championships"]
[Site "Rhodes, Greece"]
[Date "2022.04.22"]
[Round "2.1"]
[White "Ozsoy, Idil Mira"]
[Black "Abbasova, Zarifa"]
[Result "1/2-1/2"]
[WhiteElo "2034"]
[BlackElo "1497"]
[PlyCount "78"]
[EventDate "2022.04.21"]
[EventRounds "9"]

1. e4 {[%emt 0:00:03]} e5 {[%emt 0:00:04]} 2. Nf3 {[%emt 0:00:16]} Nf6 {
[%emt 0:00:05]} 3. Nxe5 {[%emt 0:00:06]} d6 {[%emt 0:00:05]} 4. Nf3 {[%emt 0:
00:09]} Nxe4 {[%emt 0:00:05]} 5. Nc3 {[%emt 0:00:11]} Nxc3 {[%emt 0:00:06]} 6.
dxc3 {[%emt 0:00:25]} Be7 {[%emt 0:00:06]} 7. Bd3 {[%emt 0:01:00]} O-O {
[%emt 0:00:14]} 8. Be3 {[%emt 0:00:17]} Nd7 {[%emt 0:01:59]} 9. Qd2 {[%emt 0:
02:46]} Ne5 {[%emt 0:01:14]} 10. O-O-O {[%emt 0:03:35]} Nxd3+ {[%emt 0:05:36]}
11. Qxd3 {[%emt 0:00:33]} Be6 {[%emt 0:08:15]} 12. Kb1 {[%emt 0:01:52]} Bf6 {
[%emt 0:01:01]} 13. h4 {[%emt 0:05:09]} Re8 {[%emt 0:08:48]} 14. Ng5 {[%emt 0:
18:47]} g6 {[%emt 0:03:46]} 15. Rh2 {[%emt 0:08:24]} Kg7 {[%emt 0:12:15]} 16.
Rdh1 {[%emt 0:06:50]} Qe7 {[%emt 0:28:00]} 17. Nxe6+ {[%emt 0:24:54]} fxe6 {
[%emt 0:07:13]} 18. h5 {[%emt 0:00:54]} g5 {[%emt 0:00:51]} 19. g4 {[%emt 0:03:
12]} Kh8 {[%emt 0:04:04]} 20. h6 {[%emt 0:02:35]} Rg8 {[%emt 0:00:20]} 21. Rh5
{[%emt 0:00:34]} Rg6 {[%emt 0:00:35]} 22. R1h3 {[%emt 0:03:46]} Rf8 {[%emt 0:
04:44]} 23. Rf3 {[%emt 0:02:15]} a6 {[%emt 0:03:25]} 24. Qd2 {[%emt 0:03:33]}
Kg8 {[%emt 0:02:52]} 25. Rg3 {[%emt 0:02:52]} Be5 {[%emt 0:03:57]} 26. Bxg5 {
[%emt 0:04:52]} Qf7 {[%emt 0:00:06]} 27. Rg2 {[%emt 0:01:01]} Qf3 {[%emt 0:00:
08]} 28. Rg1 {[%emt 0:00:46]} Qxf2 {[%emt 0:00:08]} 29. Qxf2 {[%emt 0:00:06]}
Rxf2 {[%emt 0:00:28]} 30. Be3 Rf3 {[%emt 0:00:41]} 31. Bc1 {[%emt 0:00:56]} Bf4
{[%emt 0:01:43]} 32. Bxf4 {[%emt 0:00:36]} Rxf4 {[%emt 0:00:02]} 33. g5 {
[%emt 0:00:03]} Rf5 {[%emt 0:00:19]} 34. Kc1 {[%emt 0:00:09]} Kf7 {[%emt 0:01:
09]} 35. Kd2 {[%emt 0:00:25]} Rf2+ {[%emt 0:00:37]} 36. Kd3 {[%emt 0:01:25]}
Rf5 {[%emt 0:00:40]} 37. c4 {[%emt 0:00:31]} e5 {[%emt 0:00:25]} 38. b3 {
[%emt 0:00:35]} Ke6 {[%emt 0:00:09]} 39. Ke3 {[%emt 0:01:00]} Kf7 {[%emt 0:01:
34]} 1/2-1/2

[Event "European School Championships"]
[Site "Rhodes, Greece"]
[Date "2022.04.22"]
[Round "2.2"]
[White "Tsetskhladze, Mariam"]
[Black "Kirtadze, Anastasia"]
[Result "0-1"]
[WhiteElo "1493"]
[BlackElo "1783"]
[PlyCount "100"]
[EventDate "2022.04.21"]
[EventRounds "9"]

1. e4 {[%emt 0:00:04]} c5 {[%emt 0:00:06]} 2. Nf3 {[%emt 0:00:04]} e6 {[%emt 0:
00:02]} 3. g3 {[%emt 0:00:10]} Nc6 {[%emt 0:02:23]} 4. Bg2 {[%emt 0:00:34]} g6
{[%emt 0:01:30]} 5. O-O {[%emt 0:11:56]} Bg7 {[%emt 0:00:31]} 6. c3 {[%emt 0:
03:11]} e5 {[%emt 0:00:26]} 7. c4 {[%emt 0:00:53]} Nge7 {[%emt 0:01:46]} 8. d3
{[%emt 0:01:09]} d6 {[%emt 0:00:42]} 9. Nc3 {[%emt 0:00:26]} O-O {[%emt 0:01:
17]} 10. Rb1 {[%emt 0:01:42]} h6 {[%emt 0:07:52]} 11. a3 {[%emt 0:05:23]} a5 {
[%emt 0:02:20]} 12. Ne1 {[%emt 0:05:02]} f5 {[%emt 0:16:19]} 13. exf5 {[%emt 0:
02:26]} Bxf5 {[%emt 0:01:03]} 14. Nc2 {[%emt 0:01:47]} Qd7 {[%emt 0:02:40]} 15.
Ne3 {[%emt 0:03:57]} Be6 {[%emt 0:04:46]} 16. Ncd5 {[%emt 0:12:55]} Rab8 {
[%emt 0:01:42]} 17. Bd2 {[%emt 0:13:41]} Nf5 {[%emt 0:11:09]} 18. b4 {[%emt 0:
09:01]} axb4 {[%emt 0:01:59]} 19. axb4 {[%emt 0:00:24]} Nfd4 {[%emt 0:13:01]}
20. b5 {[%emt 0:04:07]} Ne7 {[%emt 0:03:15]} 21. Nxe7+ {[%emt 0:01:07]} Qxe7 {
[%emt 0:00:02]} 22. Nc2 {[%emt 0:00:45]} Bf5 {[%emt 0:02:15]} 23. Nxd4 {
[%emt 0:10:06]} exd4 {[%emt 0:00:22]} 24. Ba5 {[%emt 0:01:16]} b6 {[%emt 0:00:
48]} 25. Be1 {[%emt 0:03:33]} h5 {[%emt 0:01:21]} 26. h3 {[%emt 0:03:12]} Qd7 {
[%emt 0:00:47]} 27. Kh2 {[%emt 0:00:57]} Be6 {[%emt 0:01:38]} 28. Bd2 {[%emt 0:
00:40]} d5 {[%emt 0:01:06]} 29. cxd5 {[%emt 0:01:22]} Bxd5 {[%emt 0:00:05]} 30.
Bxd5+ {[%emt 0:00:21]} Qxd5 {[%emt 0:00:06]} 31. Qb3 {[%emt 0:00:30]} Qxb3 {
[%emt 0:00:56]} 32. Rxb3 {[%emt 0:00:04]} Ra8 {[%emt 0:00:55]} 33. Bf4 {
[%emt 0:00:39]} Rfe8 {[%emt 0:01:11]} 34. Kg2 {[%emt 0:00:38]} Be5 {[%emt 0:00:
18]} 35. Bg5 {[%emt 0:01:42]} Bd6 {[%emt 0:03:23]} 36. h4 {[%emt 0:01:20]} Ra4
{[%emt 0:00:54]} 37. Bd2 {[%emt 0:00:49]} Re2 {[%emt 0:00:41]} 38. Rd1 {
[%emt 0:00:49]} Ra2 {[%emt 0:00:44]} 39. Be1 {[%emt 0:00:14]} Kf7 {[%emt 0:00:
16]} 40. Kf1 {[%emt 0:00:31]} Ke6 {[%emt 0:02:40]} 41. Rbb1 {[%emt 0:02:53]}
Reb2 {[%emt 0:03:10]} 42. Kg2 {[%emt 0:03:03]} Rxb1 {[%emt 0:02:46]} 43. Rxb1 {
[%emt 0:00:04]} Ra3 {[%emt 0:00:04]} 44. Rd1 {[%emt 0:01:02]} Rb3 {[%emt 0:00:
05]} 45. Kf3 {[%emt 0:01:14]} Kd5 {[%emt 0:00:08]} 46. g4 {[%emt 0:00:29]} c4 {
[%emt 0:00:43]} 47. gxh5 {[%emt 0:00:35]} gxh5 {[%emt 0:00:02]} 48. Ke2 {
[%emt 0:00:28]} Rb2+ {[%emt 0:00:12]} 49. Kf1 {[%emt 0:00:42]} c3 {[%emt 0:00:
06]} 50. Rc1 {[%emt 0:00:33]} Bf4 {[%emt 0:00:15]} 0-1

[Event "European School Championships"]
[Site "Rhodes, Greece"]
[Date "2022.04.22"]
[Round "2.3"]
[White "Mgeladze, Kesaria"]
[Black "Gavish, Maya"]
[Result "1/2-1/2"]
[WhiteElo "1663"]
[BlackElo "1451"]
[PlyCount "81"]
[EventDate "2022.04.21"]
[EventRounds "9"]

1. e4 {[%emt 0:00:03]} e6 {[%emt 0:00:02]} 2. d4 {[%emt 0:00:16]} d5 {[%emt 0:
00:21]} 3. Nc3 {[%emt 0:00:12]} dxe4 {[%emt 0:00:03]} 4. Nxe4 {[%emt 0:00:08]}
Nd7 {[%emt 0:00:17]} 5. Nf3 {[%emt 0:00:29]} Ngf6 {[%emt 0:00:06]} 6. Bg5 {
[%emt 0:00:16]} h6 {[%emt 0:00:40]} 7. Nxf6+ {[%emt 0:00:39]} Nxf6 {[%emt 0:00:
08]} 8. Bh4 {[%emt 0:00:07]} Be7 {[%emt 0:00:35]} 9. Bd3 {[%emt 0:01:40]} O-O {
[%emt 0:00:39]} 10. O-O {[%emt 0:00:12]} Bd7 {[%emt 0:01:51]} 11. Ne5 {[%emt 0:
05:01]} Nd5 {[%emt 0:02:46]} 12. Bxe7 {[%emt 0:02:24]} Qxe7 {[%emt 0:00:26]}
13. c4 {[%emt 0:05:02]} Nf6 {[%emt 0:06:29]} 14. Re1 {[%emt 0:01:18]} Rfd8 {
[%emt 0:01:43]} 15. d5 {[%emt 0:06:23]} Qd6 {[%emt 0:01:48]} 16. dxe6 {[%emt 0:
19:59]} Bxe6 {[%emt 0:00:35]} 17. Qf3 {[%emt 0:02:08]} Ng4 {[%emt 0:04:06]} 18.
Nxg4 {[%emt 0:08:50]} Bxg4 {[%emt 0:04:21]} 19. Qxg4 {[%emt 0:00:57]} Qxd3 {
[%emt 0:00:06]} 20. Re3 {[%emt 0:09:28]} Qc2 {[%emt 0:06:10]} 21. Rb3 {[%emt 0:
09:56]} Rd2 {[%emt 0:12:28]} 22. Rf1 {[%emt 0:03:29]} b6 {[%emt 0:03:51]} 23.
h3 {[%emt 0:06:57]} Rad8 {[%emt 0:01:01]} 24. Qf4 {[%emt 0:10:53]} c5 25. Rf3 {
[%emt 0:03:19]} R8d7 {[%emt 0:07:08]} 26. Re1 {[%emt 0:01:23]} Rd1 {[%emt 0:05:
34]} 27. Rxd1 {[%emt 0:00:46]} Qxd1+ {[%emt 0:00:17]} 28. Kh2 {[%emt 0:00:03]}
Qd2 {[%emt 0:07:39]} 29. Re3 {[%emt 0:01:16]} Qd6 {[%emt 0:05:42]} 30. Re8+ {
[%emt 0:03:16]} Kh7 {[%emt 0:00:16]} 31. Qxd6 {[%emt 0:00:06]} Rxd6 {[%emt 0:
00:02]} 32. Re7 {[%emt 0:00:07]} Rd2 {[%emt 0:00:12]} 33. Rxa7 {[%emt 0:02:09]}
Rxb2 {[%emt 0:01:19]} 34. Kg3 {[%emt 0:00:13]} Kg6 {[%emt 0:01:32]} 35. Rb7 {
[%emt 0:00:24]} f6 {[%emt 0:01:07]} 36. Ra7 {[%emt 0:00:33]} Rb4 {[%emt 0:00:
45]} 37. Rb7 {[%emt 0:00:16]} Rxc4 {[%emt 0:01:57]} 38. Rxb6 {[%emt 0:00:05]}
Rc3+ {[%emt 0:04:35]} 39. f3 {[%emt 0:00:05]} Ra3 {[%emt 0:01:24]} 40. Rc6 {
[%emt 0:00:36]} Ra5 {[%emt 0:00:22]} 41. Rc7 {[%emt 0:01:10]} 1/2-1/2

[Event "European School Championships"]
[Site "Rhodes, Greece"]
[Date "2022.04.22"]
[Round "2.4"]
[White "Keskinler, Ela"]
[Black "Eshkol, Lilian"]
[Result "1-0"]
[WhiteElo "1434"]
[BlackElo "1636"]
[PlyCount "209"]
[EventDate "2022.04.21"]
[EventRounds "9"]

1. e4 {[%emt 0:00:05]} e5 {[%emt 0:00:51]} 2. Nf3 {[%emt 0:00:13]} Nc6 {
[%emt 0:00:41]} 3. Nc3 {[%emt 0:00:09]} Nf6 {[%emt 0:01:32]} 4. d4 {[%emt 0:00:
17]} exd4 {[%emt 0:02:00]} 5. Nxd4 {[%emt 0:00:09]} Bc5 {[%emt 0:02:04]} 6.
Nxc6 {[%emt 0:00:28]} bxc6 {[%emt 0:03:31]} 7. Bd3 {[%emt 0:00:52]} d6 {
[%emt 0:01:00]} 8. O-O {[%emt 0:01:29]} h6 {[%emt 0:03:37]} 9. Qf3 {[%emt 0:01:
12]} Bd7 {[%emt 0:07:50]} 10. Na4 {[%emt 0:06:16]} Bb6 {[%emt 0:04:26]} 11. Bd2
{[%emt 0:04:20]} O-O {[%emt 0:02:35]} 12. Bc3 {[%emt 0:03:41]} Re8 {[%emt 0:04:
39]} 13. Bxf6 {[%emt 0:02:50]} Qxf6 {[%emt 0:00:18]} 14. Qxf6 {[%emt 0:00:24]}
gxf6 {[%emt 0:00:12]} 15. Kh1 {[%emt 0:01:09]} d5 {[%emt 0:02:34]} 16. f3 {
[%emt 0:00:41]} Kg7 {[%emt 0:04:38]} 17. Nc3 {[%emt 0:01:09]} Be6 {[%emt 0:04:
58]} 18. f4 {[%emt 0:00:29]} d4 {[%emt 0:04:42]} 19. Ne2 {[%emt 0:00:18]} c5 {
[%emt 0:07:29]} 20. Bb5 {[%emt 0:00:40]} Re7 {[%emt 0:03:16]} 21. f5 {[%emt 0:
00:28]} Bd7 {[%emt 0:01:10]} 22. Bxd7 {[%emt 0:00:36]} Rxd7 {[%emt 0:00:10]}
23. Nf4 {[%emt 0:00:09]} Rd6 {[%emt 0:02:42]} 24. Rf3 {[%emt 0:01:21]} Re8 {
[%emt 0:05:37]} 25. Re1 {[%emt 0:02:57]} Ba5 {[%emt 0:02:10]} 26. Re2 {[%emt 0:
00:51]} c4 {[%emt 0:03:07]} 27. Nh5+ {[%emt 0:17:27]} Kf8 {[%emt 0:00:54]} 28.
Nf4 {[%emt 0:04:09]} Rb8 {[%emt 0:02:33]} 29. b3 {[%emt 0:01:14]} d3 {[%emt 0:
07:32]} 30. cxd3 {[%emt 0:04:05]} cxb3 {[%emt 0:00:19]} 31. Rb2 {[%emt 0:04:15]
} Rdb6 {[%emt 0:01:19]} 32. g4 {[%emt 0:03:09]} bxa2 {[%emt 0:06:24]} 33. Rxa2
{[%emt 0:00:10]} Rb1+ {[%emt 0:00:16]} 34. Kg2 {[%emt 0:00:26]} Bb6 {[%emt 0:
02:10]} 35. Nd5 {[%emt 0:03:38]} Rg1+ {[%emt 0:03:22]} 36. Kh3 {[%emt 0:00:22]}
Kg7 {[%emt 0:01:29]} 37. Rc2 {[%emt 0:00:56]} c5 {[%emt 0:03:18]} 38. Nf4 {
[%emt 0:00:06]} Kf8 {[%emt 0:01:08]} 39. Kh4 {[%emt 0:01:00]} Rd8 {[%emt 0:00:
54]} 40. Nd5 {[%emt 0:03:01]} Kg7 {[%emt 0:00:36]} 41. Rb2 {[%emt 0:03:05]} Rd6
{[%emt 0:02:29]} 42. Rff2 {[%emt 0:03:19]} Ba5 {[%emt 0:06:23]} 43. Rfc2 {
[%emt 0:00:49]} Bb6 {[%emt 0:03:44]} 44. Rb5 {[%emt 0:03:04]} Rd1 {[%emt 0:02:
05]} 45. Rc3 {[%emt 0:00:30]} Rd2 {[%emt 0:00:58]} 46. Kg3 {[%emt 0:00:18]} Rc6
{[%emt 0:04:11]} 47. h3 {[%emt 0:01:25]} Rd1 {[%emt 0:08:05]} 48. Kf2 {[%emt 0:
02:09]} Rd2+ {[%emt 0:02:16]} 49. Ke1 {[%emt 0:01:10]} Rh2 {[%emt 0:00:58]} 50.
d4 {[%emt 0:01:02]} c4 {[%emt 0:00:42]} 51. Nxb6 {[%emt 0:00:35]} axb6 {
[%emt 0:00:27]} 52. Rb4 {[%emt 0:00:20]} Kf8 {[%emt 0:01:40]} 53. Rbxc4 {
[%emt 0:00:38]} Rxc4 {[%emt 0:00:27]} 54. Rxc4 {[%emt 0:00:06]} Rxh3 {[%emt 0:
00:07]} 55. Kf2 {[%emt 0:00:56]} Rb3 {[%emt 0:00:44]} 56. Rc7 {[%emt 0:01:00]}
Ke8 {[%emt 0:02:11]} 57. d5 {[%emt 0:01:10]} b5 {[%emt 0:00:58]} 58. Rb7 {
[%emt 0:00:24]} b4 {[%emt 0:00:37]} 59. Ke2 {[%emt 0:01:56]} Rg3 {[%emt 0:00:
33]} 60. Rxb4 {[%emt 0:00:54]} Rxg4 {[%emt 0:00:11]} 61. Kf3 {[%emt 0:01:18]}
Rg1 {[%emt 0:00:28]} 62. Rb2 {[%emt 0:01:36]} Rh1 {[%emt 0:00:49]} 63. Ke3 {
[%emt 0:02:03]} Re1+ {[%emt 0:00:29]} 64. Kd3 {[%emt 0:00:21]} Rd1+ {[%emt 0:
00:30]} 65. Rd2 {[%emt 0:00:18]} Rh1 {[%emt 0:00:25]} 66. Kd4 {[%emt 0:00:41]}
Kd7 {[%emt 0:00:37]} 67. Rc2 {[%emt 0:01:09]} h5 {[%emt 0:00:35]} 68. Re2 {
[%emt 0:00:42]} h4 {[%emt 0:00:29]} 69. Ke3 {[%emt 0:00:18]} Rh3+ {[%emt 0:00:
22]} 70. Kf4 {[%emt 0:00:10]} Rh1 {[%emt 0:00:23]} 71. Kg4 {[%emt 0:01:03]} Kd6
{[%emt 0:00:18]} 72. Rd2 {[%emt 0:00:20]} Re1 {[%emt 0:00:25]} 73. Rd4 {
[%emt 0:00:25]} Rh1 {[%emt 0:01:01]} 74. Rd3 {[%emt 0:00:43]} Re1 {[%emt 0:00:
32]} 75. Kf4 {[%emt 0:00:14]} Rf1+ {[%emt 0:00:28]} 76. Rf3 {[%emt 0:00:15]}
Rh1 {[%emt 0:00:26]} 77. Re3 {[%emt 0:00:26]} Rf1+ {[%emt 0:00:27]} 78. Kg4 {
[%emt 0:00:05]} Rh1 {[%emt 0:00:25]} 79. Rh3 {[%emt 0:00:16]} Re1 {[%emt 0:00:
22]} 80. Kf3 {[%emt 0:00:15]} Rf1+ {[%emt 0:00:40]} 81. Ke3 {[%emt 0:00:12]}
Re1+ {[%emt 0:00:22]} 82. Kd3 {[%emt 0:00:09]} Rd1+ {[%emt 0:00:36]} 83. Ke2 {
[%emt 0:00:11]} Rb1 {[%emt 0:00:55]} 84. Rxh4 {[%emt 0:00:22]} Ke5 {[%emt 0:00:
31]} 85. Kd3 {[%emt 0:00:22]} Rd1+ {[%emt 0:00:18]} 86. Kc4 {[%emt 0:00:31]}
Rc1+ {[%emt 0:00:14]} 87. Kb5 {[%emt 0:00:25]} Kd6 {[%emt 0:00:38]} 88. Rh6 {
[%emt 0:02:15]} Ke5 {[%emt 0:00:35]} 89. Rh7 {[%emt 0:01:29]} Kxe4 {[%emt 0:00:
49]} 90. d6 {[%emt 0:00:18]} Rd1 {[%emt 0:00:21]} 91. Kc6 {[%emt 0:01:18]} Rc1+
{[%emt 0:00:33]} 92. Kd7 {[%emt 0:00:13]} Ke5 {[%emt 0:00:38]} 93. Ke7 {
[%emt 0:00:23]} Rc6 {[%emt 0:00:32]} 94. d7 {[%emt 0:00:12]} Rc7 {[%emt 0:00:
17]} 95. Ke8 {[%emt 0:00:07]} Rxd7 {[%emt 0:00:48]} 96. Kxd7 {[%emt 0:00:04]}
Kxf5 {[%emt 0:00:18]} 97. Rxf7 {[%emt 0:00:03]} Ke5 {[%emt 0:00:17]} 98. Ke7 {
[%emt 0:00:29]} f5 {[%emt 0:00:12]} 99. Kf8 {[%emt 0:00:02]} f4 {[%emt 0:01:12]
} 100. Kg7 {[%emt 0:00:03]} Ke4 {[%emt 0:00:17]} 101. Kg6 {[%emt 0:00:03]} Ke3
{[%emt 0:00:31]} 102. Kg5 {[%emt 0:00:04]} f3 {[%emt 0:00:07]} 103. Kg4 {
[%emt 0:00:02]} f2 {[%emt 0:00:20]} 104. Kg3 {[%emt 0:00:01]} Ke2 {[%emt 0:00:
15]} 105. Rxf2+ {[%emt 0:00:05]} 1-0

[Event "European School Championships"]
[Site "Rhodes, Greece"]
[Date "2022.04.23"]
[Round "3.1"]
[White "Kirtadze, Anastasia"]
[Black "Keskinler, Ela"]
[Result "1-0"]
[WhiteElo "1783"]
[BlackElo "1434"]
[PlyCount "65"]
[EventDate "2022.04.21"]
[EventRounds "9"]

1. e4 {[%emt 0:00:04]} e6 {[%emt 0:00:05]} 2. d4 {[%emt 0:00:08]} d5 {[%emt 0:
00:21]} 3. Nd2 {[%emt 0:00:01]} Be7 {[%emt 0:00:15]} 4. Ngf3 {[%emt 0:01:38]}
Nf6 {[%emt 0:00:17]} 5. Bd3 {[%emt 0:01:31]} c5 {[%emt 0:01:16]} 6. e5 {
[%emt 0:07:23]} Nfd7 {[%emt 0:00:08]} 7. c3 {[%emt 0:00:29]} Nc6 {[%emt 0:00:
40]} 8. O-O {[%emt 0:03:03]} Qb6 {[%emt 0:00:55]} 9. dxc5 {[%emt 0:07:31]} Bxc5
{[%emt 0:02:03]} 10. Qe2 {[%emt 0:01:57]} Qc7 {[%emt 0:04:52]} 11. Re1 {
[%emt 0:01:25]} h6 {[%emt 0:03:08]} 12. Nb3 {[%emt 0:02:35]} Bb6 {[%emt 0:02:
29]} 13. Nbd4 {[%emt 0:01:00]} a6 {[%emt 0:02:38]} 14. Bc2 {[%emt 0:02:34]} Qd8
{[%emt 0:06:50]} 15. b3 {[%emt 0:02:15]} Bc7 {[%emt 0:06:46]} 16. Bf4 {[%emt 0:
07:44]} g5 {[%emt 0:09:16]} 17. Bg3 {[%emt 0:09:19]} h5 {[%emt 0:11:52]} 18. h4
{[%emt 0:12:42]} g4 {[%emt 0:04:42]} 19. Ng5 {[%emt 0:01:49]} Ndxe5 {[%emt 0:
08:24]} 20. Rad1 {[%emt 0:03:03]} Nxd4 {[%emt 0:01:46]} 21. Rxd4 {[%emt 0:06:
46]} f6 {[%emt 0:04:47]} 22. Bxe5 {[%emt 0:06:43]} Bxe5 {[%emt 0:00:41]} 23.
Bg6+ {[%emt 0:00:47]} Kf8 {[%emt 0:19:59]} 24. Nf7 {[%emt 0:01:14]} Qe7 {
[%emt 0:01:20]} 25. Nxe5 {[%emt 0:01:11]} fxe5 {[%emt 0:00:10]} 26. Qxe5 {
[%emt 0:00:08]} Qg7 {[%emt 0:03:40]} 27. Rf4+ {[%emt 0:02:26]} Kg8 {[%emt 0:00:
12]} 28. Bf7+ {[%emt 0:03:19]} Kh7 {[%emt 0:00:30]} 29. Qxh5+ {[%emt 0:00:45]}
Qh6 {[%emt 0:00:10]} 30. Re5 {[%emt 0:07:58]} Bd7 {[%emt 0:01:24]} 31. Rxg4 {
[%emt 0:00:24]} Be8 {[%emt 0:01:56]} 32. Qxh6+ {[%emt 0:00:05]} Kxh6 {[%emt 0:
00:07]} 33. Rh5# {[%emt 0:00:02]} 1-0